000 01063cam a2200349 a 4500
001 1878231
003 OSt
005 20140310181629.0
008 830718s1984 maua b 001 0 eng
010 _a 83013339
020 _a0262031035
020 _a0262530503 (pbk.)
040 _aDLC
_cDLC
_dDLC
050 0 0 _aBF 431
_b.C47 1985
082 0 0 _aTR 128.2
_bC473 1984
100 1 _aChurchland, Paul M.,
_d1942-
245 1 0 _aMatter and consciousness :
_ba contemporary introduction to the philosophy of mind /
_cPaul M. Churchland.
260 _aCambridge, Mass. :
_bMIT Press,
_cc1984.
300 _ax, 164 p. :
_bill. ;
_c24 cm.
500 _aIncludes index.
520 _a1. Intellect 2. Psychology--Philosophy
562 _eFor circulation. 1 copy in the collection
650 0 _aPhilosophy of mind.
650 0 _aIntellect.
650 0 _aConsciousness.
650 0 _aCognition.
650 0 _aArtificial intelligence.
650 0 _aNeurology.
906 _a7
_bcbc
_corignew
_d1
_eocip
_f19
_gy-gencatlg
942 _2lcc
_cBK
999 _c452
_d452